=LDR 00000nam 2200000 4500 =001 INLIS000000000027574 =005 20130612125933 =008 ***********************************Ind** =035 ##$$0010-061300000027574 =041 ##$$a Ind =082 ##$$a 796.334 =090 ##$$a 796.334, Sch d =100 ##$$a Scheunemenn,Timo =245 ##$$a Dasar sepak bola modern untuk pemain dan pelatih, Timo Scheunemenn;Penyunting,Marcel Lombe dan j.chrys Warjoko =260 ##$$a 2005 $b Malang =300 ##$$a 162 hlm, 20 cm =650 ##$$a Sepak bola =700 ##$$a Lombe,marcel 2.Warjoko,J chrys =850 ##$$a NBPNMAT =990 ##$$a 0001/BPAP-NTB/20142014 =990 ##$$a 0001/BPAP-NTB/2015